000 00324nam a2200133Ia 4500
008 230917s9999||||xx |||||||||||||| ||und||
040 _e183099
_aMAIN
041 _aEnglish
082 _a658.3 U4U
245 0 _aUnleashing talent
260 _aBoston
_bHarvard Business School Press
_c2010
300 _a85 p.
942 _cBK
999 _c164156
_d164156